[Event "FICGS rapid E 000068 email"]
[Site "FICGS email"]
[Date "2011.11.27"]
[Round "1"]
[White "Melquiades, Jaime I"]
[Black "Cavaille, Cedric"]
[Result "0-1"]
[WhiteElo "909"]
[BlackElo "1003"]
[PlyCount "50"]
[EventDate "2011.??.??"]
[EventType "tourn (rapid)"]
[EventRounds "1"]
[SourceTitle "Corr 2013"]
[Source "ChessBase"]
[SourceDate "2012.11.12"]
[SourceVersion "1"]
[SourceVersionDate "2012.11.12"]
[SourceQuality "1"]

1. e4 c5 2. Nf3 d6 3. d4 cxd4 4. Nxd4 Nf6 5. Bb5+ Nbd7 6. Bg5 a6 7. Bc4 b5 8. Bxf7+ Kxf7 9. Nc3 e6 10. Qf3 Be7 11. 0-0-0 Ne5 12. Qf4 Rf8 13. Bxf6 Bxf6 14. Qg3 Bb7 15. f4 Nc4 16. e5 dxe5 17. Ne4 Bxe4 18. Nc6 Qc7 19. Nxe5+ Bxe5 20. fxe5 Qxe5 21. Rhf1+ Kg8 22. Rxf8+ Rxf8 23. Qb3 Qxh2 24. Qb4 Qxg2 25. Rd2 Nxd2 0-1

[Event "FICGS rapid E 000068 email"]
[Site "FICGS email"]
[Date "2011.11.27"]
[Round "1"]
[White "Melquiades, Jaime I"]
[Black "Dsouza, Stanislaus"]
[Result "0-1"]
[WhiteElo "909"]
[BlackElo "1207"]
[PlyCount "30"]
[EventDate "2011.??.??"]
[EventType "tourn (rapid)"]
[EventRounds "1"]
[SourceTitle "Corr 2013"]
[Source "ChessBase"]
[SourceDate "2012.11.12"]
[SourceVersion "1"]
[SourceVersionDate "2012.11.12"]
[SourceQuality "1"]

1. e4 e5 2. Nf3 h6 3. d4 exd4 4. Nxd4 Bc5 5. Nf5 Nf6 6. Nxg7+ Kf8 7. Nf5 d6 8. g4 Nxe4 9. Nd2 Nxd2 10. Bxd2 Bxf5 11. gxf5 Qh4 12. b4 Bxf2+ 13. Ke2 Nc6 14. a3 Re8+ 15. Kd3 Qd4# 0-1

[Event "FICGS class F 000103 email"]
[Site "FICGS email"]
[Date "2011.11.20"]
[Round "1"]
[White "Melquiades, Jaime I"]
[Black "Cavaille, Cedric"]
[Result "0-1"]
[WhiteElo "909"]
[BlackElo "1003"]
[PlyCount "64"]
[EventDate "2011.??.??"]
[EventType "tourn (corr)"]
[EventRounds "1"]
[SourceTitle "Corr 2013"]
[Source "ChessBase"]
[SourceDate "2012.11.12"]
[SourceVersion "1"]
[SourceVersionDate "2012.11.12"]
[SourceQuality "1"]

1. e4 c5 2. Nf3 d6 3. Nc3 Nf6 4. h3 e6 5. Ne5 dxe5 6. d3 Be7 7. Bg5 0-0 8. d4 cxd4 9. Nb5 Bd7 10. a4 a6 11. Na3 Bxa4 12. b3 Bc6 13. h4 Nfd7 14. Bxe7 Qxe7 15. h5 h6 16. Nc4 Bxe4 17. f3 Bh7 18. Bd3 b5 19. Bxh7+ Kxh7 20. Qd3+ g6 21. Nd2 Qg5 22. g4 Nc5 23. Qe2 Nbd7 24. b4 Na4 25. Ne4 Qe3 26. Ng5+ hxg5 27. hxg6+ Kxg6 28. Qxe3 dxe3 29. Rd1 Ndb6 30. Rd6 Nd5 31. 0-0 Nxb4 32. f4 exf4 0-1

[Event "FICGS rapid E 000065 email"]
[Site "FICGS email"]
[Date "2011.10.24"]
[Round "1"]
[White "Melquiades, Jaime I"]
[Black "Jefferis, Des"]
[Result "0-1"]
[WhiteElo "962"]
[BlackElo "1200"]
[PlyCount "48"]
[EventDate "2011.??.??"]
[EventType "tourn (rapid)"]
[EventRounds "5"]
[SourceTitle "Corr 2013"]
[Source "ChessBase"]
[SourceDate "2012.11.12"]
[SourceVersion "1"]
[SourceVersionDate "2012.11.12"]
[SourceQuality "1"]

1. e4 e5 2. Nf3 Nc6 3. c3 Nf6 4. d3 Bc5 5. Be3 Bb6 6. d4 exd4 7. cxd4 Nxe4 8. Ne5 Nxe5 9. dxe5 Bxe3 10. fxe3 Qe7 11. Qg4 Qb4+ 12. Nc3 d5 13. Qe2 Nxc3 14. bxc3 Qxc3+ 15. Kf2 Qxa1 16. Kg3 Qxe5+ 17. Kf2 0-0 18. Qd1 Re8 19. Bb5 Qxe3+ 20. Kf1 c6 21. Be2 Bf5 22. Ke1 Bg4 23. Rf1 Qxe2+ 24. Qxe2 Rxe2+ 0-1

[Event "FICGS rapid E 000064 email"]
[Site "FICGS email"]
[Date "2011.10.19"]
[Round "1"]
[White "Jaquet, Hadrien"]
[Black "Melquiades, Jaime I"]
[Result "1-0"]
[WhiteElo "1138"]
[BlackElo "962"]
[PlyCount "49"]
[EventDate "2011.??.??"]
[EventType "tourn (rapid)"]
[EventRounds "1"]
[SourceTitle "Corr 2013"]
[Source "ChessBase"]
[SourceDate "2012.11.12"]
[SourceVersion "1"]
[SourceVersionDate "2012.11.12"]
[SourceQuality "1"]

1. e4 e5 2. f4 d5 3. exd5 Qxd5 4. Nc3 Qd6 5. fxe5 Qxe5+ 6. Be2 Bg4 7. d4 Qe7 8. Nf3 Nf6 9. 0-0 Nh5 10. Re1 Nc6 11. h3 Bxf3 12. Bxf3 0-0-0 13. Rxe7 Bxe7 14. Bxh5 g6 15. Bf3 Nxd4 16. Nd5 Bc5 17. Kh1 Rhe8 18. Bg5 Rd6 19. Qf1 Nxc2 20. Rc1 c6 21. Nf6 Ne3 22. Bxe3 Rxf6 23. Bxc5 g5 24. Bg4+ Kc7 25. Qxf6 1-0

[Event "FICGS rapid E 000064 email"]
[Site "FICGS email"]
[Date "2011.10.19"]
[Round "1"]
[White "Stoyanov, Zdravko"]
[Black "Melquiades, Jaime I"]
[Result "1-0"]
[WhiteElo "1261"]
[BlackElo "962"]
[PlyCount "55"]
[EventDate "2011.??.??"]
[EventType "tourn (rapid)"]
[EventRounds "1"]
[SourceTitle "Corr 2013"]
[Source "ChessBase"]
[SourceDate "2012.11.12"]
[SourceVersion "1"]
[SourceVersionDate "2012.11.12"]
[SourceQuality "1"]

1. e4 e5 2. Nf3 d6 3. h3 h5 4. d3 f6 5. Be2 Nd7 6. a3 Ne7 7. 0-0 Ng6 8. Nh2 Nc5 9. Bxh5 Bxh3 10. gxh3 Qd7 11. Bxg6+ Kd8 12. Bf5 Qf7 13. Nc3 g6 14. Bg4 c6 15. Be3 d5 16. exd5 f5 17. Bf3 Bg7 18. Bxc5 e4 19. dxe4 Be5 20. Bg2 Bxh2+ 21. Kxh2 fxe4 22. dxc6+ Ke8 23. Re1 Qc7+ 24. Kg1 Rd8 25. Rxe4+ Kf7 26. Qf3+ Kg8 27. Re7 Qa5 28. Qf7# 1-0

[Event "FICGS class F 000099 email"]
[Site "FICGS email"]
[Date "2011.08.12"]
[Round "1"]
[White "Dotti Contra, Alessandro"]
[Black "Melquiades, Jaime I"]
[Result "1-0"]
[WhiteElo "1099"]
[BlackElo "942"]
[PlyCount "57"]
[EventDate "2011.??.??"]
[EventType "tourn (corr)"]
[EventRounds "5"]
[SourceTitle "Corr 2013"]
[Source "ChessBase"]
[SourceDate "2012.11.12"]
[SourceVersion "1"]
[SourceVersionDate "2012.11.12"]
[SourceQuality "1"]

1. e4 e5 2. Nf3 d6 3. Nc3 c6 4. Bc4 Be6 5. Bxe6 fxe6 6. 0-0 h6 7. d4 d5 8. Nxe5 Nf6 9. f3 dxe4 10. Nxe4 Nbd7 11. Bf4 g5 12. Nxd7 Nxd7 13. Be3 Rg8 14. g3 Nf6 15. Nxf6+ Qxf6 16. Qd3 Bd6 17. Qh7 0-0-0 18. f4 Bxf4 19. Qe4 Qf7 20. Bxf4 e5 21. Bxe5 Qc4 22. Bf6 Kb8 23. Bxd8 Rxd8 24. c3 a6 25. Qe7 Rd5 26. Rf8+ Ka7 27. Qc7 Qd3 28. Re1 Qd2 29. Ree8 1-0

[Event "FICGS class F 000099 email"]
[Site "FICGS email"]
[Date "2011.08.12"]
[Round "1"]
[White "Melquiades, Jaime I"]
[Black "Cavaille, Cedric"]
[Result "0-1"]
[WhiteElo "942"]
[BlackElo "1008"]
[PlyCount "62"]
[EventDate "2011.??.??"]
[EventType "tourn (corr)"]
[EventRounds "5"]
[SourceTitle "Corr 2013"]
[Source "ChessBase"]
[SourceDate "2012.11.12"]
[SourceVersion "1"]
[SourceVersionDate "2012.11.12"]
[SourceQuality "1"]

1. e4 c5 2. Nf3 d6 3. d4 cxd4 4. Nxd4 e6 5. c3 Nf6 6. f3 Be7 7. Bg5 Nc6 8. Nxc6 bxc6 9. Nd2 Nd7 10. Bxe7 Qxe7 11. Be2 0-0 12. f4 d5 13. exd5 cxd5 14. Qc2 a5 15. 0-0-0 Ba6 16. c4 dxc4 17. Nxc4 Nf6 18. b3 Rfd8 19. Ne5 Rxd1+ 20. Rxd1 Bxe2 21. Qxe2 Rc8+ 22. Kb1 Nd5 23. Rxd5 Qc7 24. Kb2 Qc3+ 25. Ka3 Qb4+ 26. Kb2 a4 27. Rb5 Qxf4 28. bxa4 Qxh2 29. Nd7 h6 30. Rh5 Qd6 31. Ne5 Qb4+ 0-1

[Event "FICGS rapid E 000058 email"]
[Site "FICGS email"]
[Date "2011.07.28"]
[Round "1"]
[White "Barradas, Anderson"]
[Black "Melquiades, Jaime I"]
[Result "1-0"]
[WhiteElo "1291"]
[BlackElo "942"]
[PlyCount "55"]
[EventDate "2011.??.??"]
[EventType "tourn (rapid)"]
[EventRounds "4"]
[SourceTitle "Corr 2013"]
[Source "ChessBase"]
[SourceDate "2012.11.12"]
[SourceVersion "1"]
[SourceVersionDate "2012.11.12"]
[SourceQuality "1"]

1. e4 e5 2. Nf3 d6 3. h3 Nf6 4. d3 c6 5. Bg5 Be7 6. Nc3 h6 7. Bxf6 gxf6 8. a3 Be6 9. Qd2 d5 10. exd5 cxd5 11. d4 a6 12. 0-0-0 Nc6 13. dxe5 Nxe5 14. Nd4 f5 15. Bd3 Ng6 16. Nxf5 Bg5 17. Ne3 f5 18. f4 Nxf4 19. Qf2 Nxg2 20. Qxg2 Bxe3+ 21. Kb1 Rg8 22. Qe2 d4 23. Na4 Bg5 24. Nc5 Be7 25. Nxe6 Qc8 26. Bxf5 Qc6 27. Nxd4 Qc5 28. Qh5+ 1-0

[Event "FICGS rapid E 000057 email"]
[Site "FICGS email"]
[Date "2011.07.05"]
[Round "1"]
[White "Melquiades, Jaime I"]
[Black "Jerez, Miriam"]
[Result "0-1"]
[WhiteElo "942"]
[BlackElo "785"]
[PlyCount "88"]
[EventDate "2011.??.??"]
[EventType "tourn (rapid)"]
[EventRounds "6"]
[SourceTitle "Corr 2013"]
[Source "ChessBase"]
[SourceDate "2012.11.12"]
[SourceVersion "1"]
[SourceVersionDate "2012.11.12"]
[SourceQuality "1"]

1. e4 e5 2. Nf3 Nc6 3. c3 Nf6 4. d3 Be7 5. Bg5 0-0 6. Nbd2 d5 7. d4 dxe4 8. Nxe4 Nxe4 9. Bxe7 Qxe7 10. Qe2 exd4 11. cxd4 Bg4 12. h3 Bh5 13. g4 Bg6 14. h4 Rfe8 15. h5 Bxh5 16. gxh5 h6 17. Bg2 Rad8 18. 0-0-0 Nxd4 19. Nxd4 Qc5+ 20. Nc2 Rxd1+ 21. Rxd1 Nd6 22. Qg4 Nf5 23. Rg1 Qxf2 24. Bxb7 Nd6 25. Bc6 Qf6 26. Bxe8 Nxe8 27. Nd4 Kf8 28. Nb5 a6 29. Nd4 Nd6 30. Nb3 g5 31. Nc5 Kg8 32. Nd7 Qe7 33. Rg3 f5 34. Qa4 Qe1+ 35. Kc2 Qf2+ 36. Kb3 Qxg3+ 37. Kc2 f4 38. Qxa6 f3 39. Nf6+ Kf7 40. Nd7 Qh2+ 41. Kb3 f2 42. a4 Qh3+ 43. Ka2 f1Q 44. Qa7 Qc4+ 0-1

[Event "FICGS class F 000097 email"]
[Site "FICGS email"]
[Date "2011.05.25"]
[Round "1"]
[White "Cavaille, Cedric"]
[Black "Melquiades, Jaime I"]
[Result "1-0"]
[WhiteElo "942"]
[BlackElo "897"]
[PlyCount "53"]
[EventDate "2011.??.??"]
[EventType "tourn (corr)"]
[EventRounds "6"]
[SourceTitle "Corr 2013"]
[Source "ChessBase"]
[SourceDate "2012.11.12"]
[SourceVersion "1"]
[SourceVersionDate "2012.11.12"]
[SourceQuality "1"]

1. e4 e5 2. Nf3 a6 3. Bc4 d5 4. exd5 Nf6 5. Nc3 Bb4 6. Nxe5 Nbd7 7. Nxd7 Nxd7 8. Qe2+ Be7 9. 0-0 Nf6 10. d3 Ng4 11. h3 Nh2 12. Kxh2 Qd6+ 13. g3 h5 14. Bf4 h4 15. Bxd6 cxd6 16. Na4 0-0 17. Nb6 Rb8 18. Nxc8 Rfxc8 19. Qxe7 b5 20. Bb3 hxg3+ 21. Kxg3 Re8 22. Qxd6 Red8 23. Qxa6 Ra8 24. Qxb5 Rdb8 25. Qxb8+ Rxb8 26. d6 Kf8 27. a4 1-0

[Event "FICGS rapid E 000055 email"]
[Site "FICGS email"]
[Date "2011.05.25"]
[Round "1"]
[White "Cavaille, Cedric"]
[Black "Melquiades, Jaime I"]
[Result "1-0"]
[WhiteElo "942"]
[BlackElo "897"]
[PlyCount "61"]
[EventDate "2011.??.??"]
[EventType "tourn (rapid)"]
[EventRounds "5"]
[SourceTitle "Corr 2013"]
[Source "ChessBase"]
[SourceDate "2012.11.12"]
[SourceVersion "1"]
[SourceVersionDate "2012.11.12"]
[SourceQuality "1"]

1. e4 e5 2. Nf3 f6 3. Bc4 d5 4. exd5 Ne7 5. d4 c6 6. dxc6 Nexc6 7. dxe5 Qxd1+ 8. Kxd1 Bg4 9. h3 Nxe5 10. hxg4 Nxg4 11. Be3 Nc6 12. a3 b6 13. Nc3 0-0-0+ 14. Bd3 Be7 15. b4 a5 16. Rxh7 Rxh7 17. bxa5 Rh1+ 18. Ne1 Nce5 19. axb6 Nxd3 20. cxd3 Rxd3+ 21. Kc2 Nxe3+ 22. Kxd3 Nxg2 23. Ke2 f5 24. Nc2 Nf4+ 25. Kf3 Bd6 26. Rxh1 g5 27. Ne3 Ne6 28. Rh6 Nd4+ 29. Kg2 f4 30. Rxd6 f3+ 31. Kg3 1-0

[Event "FICGS class F 000097 email"]
[Site "FICGS email"]
[Date "2011.05.25"]
[Round "1"]
[White "Gonet, Gerard"]
[Black "Melquiades, Jaime I"]
[Result "1-0"]
[WhiteElo "1159"]
[BlackElo "897"]
[PlyCount "41"]
[EventDate "2011.??.??"]
[EventType "tourn (corr)"]
[EventRounds "6"]
[SourceTitle "Corr 2013"]
[Source "ChessBase"]
[SourceDate "2012.11.12"]
[SourceVersion "1"]
[SourceVersionDate "2012.11.12"]
[SourceQuality "1"]

1. d4 d5 2. e4 Nc6 3. Bf4 h5 4. Nc3 e5 5. dxe5 Bb4 6. exd5 Nce7 7. Bc4 Nf5 8. Nge2 Nge7 9. 0-0 Ng6 10. Ne4 Nxf4 11. Nxf4 g5 12. Nxh5 Nh4 13. Nhf6+ Kf8 14. Nxg5 Nxg2 15. Kxg2 Be7 16. d6 Bxf6 17. Nxf7 Rg8+ 18. Kh1 Qe8 19. Qf3 Bg4 20. Qxf6 Qc6+ 21. f3 1-0

[Event "FICGS class F 000097 email"]
[Site "FICGS email"]
[Date "2011.05.25"]
[Round "1"]
[White "Melquiades, Jaime I"]
[Black "Haekkinen, Jorma"]
[Result "0-1"]
[WhiteElo "897"]
[BlackElo "1093"]
[PlyCount "72"]
[EventDate "2011.??.??"]
[EventType "tourn (corr)"]
[EventRounds "6"]
[SourceTitle "Corr 2013"]
[Source "ChessBase"]
[SourceDate "2012.11.12"]
[SourceVersion "1"]
[SourceVersionDate "2012.11.12"]
[SourceQuality "1"]

1. e4 e5 2. Nf3 Nc6 3. c3 Nf6 4. d3 g6 5. Bg5 Bg7 6. Nbd2 0-0 7. d4 exd4 8. Nxd4 Nxd4 9. cxd4 d6 10. e5 dxe5 11. dxe5 Qe8 12. f4 Bg4 13. Be2 Bxe2 14. Qxe2 Nd5 15. 0-0-0 Qc6+ 16. Kb1 Qb6 17. Nc4 Nc3+ 18. Kc2 Nxe2 19. Nxb6 cxb6 20. Rhe1 Rac8+ 21. Kb1 h6 22. Bh4 Nxf4 23. Rf1 Bxe5 24. Bg3 g5 25. Bxf4 Bxf4 26. g3 Be3 27. Rde1 Rfe8 28. h4 gxh4 29. gxh4 Re4 30. a3 Rce8 31. Rf5 Bc5 32. Rd1 Rxh4 33. Rd7 Re7 34. Rd8+ Kg7 35. Rxc5 Rh1+ 36. Ka2 bxc5 0-1

[Event "FICGS rapid E 000055 email"]
[Site "FICGS email"]
[Date "2011.05.25"]
[Round "1"]
[White "Melquiades, Jaime I"]
[Black "Martinez, Silvio"]
[Result "0-1"]
[WhiteElo "897"]
[BlackElo "963"]
[PlyCount "64"]
[EventDate "2011.??.??"]
[EventType "tourn (rapid)"]
[EventRounds "5"]
[SourceTitle "Corr 2013"]
[Source "ChessBase"]
[SourceDate "2012.11.12"]
[SourceVersion "1"]
[SourceVersionDate "2012.11.12"]
[SourceQuality "1"]

1. e4 e5 2. Nf3 Nc6 3. c3 Nf6 4. Bb5 Nxe4 5. 0-0 Bc5 6. d4 exd4 7. Nbd2 Nxd2 8. Bxd2 dxc3 9. bxc3 0-0 10. Bc4 d5 11. Be3 Bxe3 12. fxe3 dxc4 13. Qxd8 Rxd8 14. Nd4 Nxd4 15. cxd4 Be6 16. Rad1 b5 17. e4 c3 18. d5 Bg4 19. Rc1 b4 20. Rf4 Bh5 21. g4 g5 22. Rf5 Bxg4 23. Rxg5+ Kf8 24. Rxg4 a5 25. Rf4 Rd6 26. e5 Rxd5 27. e6 Ke7 28. exf7 Rf8 29. Re1+ Kd8 30. Rfe4 Rxf7 31. Re8+ Kd7 32. Ra8 c2 0-1

[Event "FICGS rapid E 000054 email"]
[Site "FICGS email"]
[Date "2011.05.07"]
[Round "1"]
[White "Melquiades, Jaime I"]
[Black "Bromo, Alexis"]
[Result "0-1"]
[WhiteElo "897"]
[BlackElo "1141"]
[PlyCount "52"]
[EventDate "2011.??.??"]
[EventType "tourn (rapid)"]
[EventRounds "6"]
[SourceTitle "Corr 2013"]
[Source "ChessBase"]
[SourceDate "2012.11.12"]
[SourceVersion "1"]
[SourceVersionDate "2012.11.12"]
[SourceQuality "1"]

1. e4 e5 2. Nf3 Nc6 3. c3 Nf6 4. d3 Bc5 5. Nbd2 Ng4 6. d4 exd4 7. cxd4 Bb6 8. h3 Nf6 9. e5 Nd5 10. a3 Nxd4 11. Nxd4 Bxd4 12. Ne4 Bxf2+ 13. Nxf2 c6 14. Ne4 Qh4+ 15. Nf2 0-0 16. Bd2 Re8 17. g3 Qxg3 18. Qg4 Qxe5+ 19. Be2 Qxb2 20. Bh6 Qxa1+ 21. Nd1 g6 22. 0-0 d6 23. Ne3 Nxe3 24. Qf4 Nxf1 25. Qxd6 Nd2+ 26. Kf2 Ne4+ 0-1

[Event "FICGS class F 000096 email"]
[Site "FICGS email"]
[Date "2011.05.04"]
[Round "1"]
[White "Melquiades, Jaime I"]
[Black "Gurgui, Dan Constantin"]
[Result "1-0"]
[WhiteElo "897"]
[BlackElo "1198"]
[PlyCount "33"]
[EventDate "2011.??.??"]
[EventType "tourn (corr)"]
[EventRounds "6"]
[SourceTitle "Corr 2013"]
[Source "ChessBase"]
[SourceDate "2012.11.12"]
[SourceVersion "1"]
[SourceVersionDate "2012.11.12"]
[SourceQuality "1"]

1. e4 e6 2. Nf3 d6 3. Nc3 Nf6 4. d4 Be7 5. Bg5 0-0 6. e5 dxe5 7. Nxe5 Nbd7 8. Nxd7 Bxd7 9. Bd3 h6 10. Bh4 g5 11. Ne4 gxh4 12. Nxf6+ Bxf6 13. c3 Re8 14. Qc2 e5 15. Bh7+ Kg7 16. 0-0-0 Bg5+ 17. Kb1 1-0

[Event "FICGS class F 000095 email"]
[Site "FICGS email"]
[Date "2011.04.14"]
[Round "1"]
[White "Kehayov, Yulian"]
[Black "Melquiades, Jaime I"]
[Result "1-0"]
[WhiteElo "1071"]
[BlackElo "996"]
[PlyCount "35"]
[EventDate "2011.??.??"]
[EventType "tourn (corr)"]
[EventRounds "6"]
[SourceTitle "Corr 2013"]
[Source "ChessBase"]
[SourceDate "2012.11.12"]
[SourceVersion "1"]
[SourceVersionDate "2012.11.12"]
[SourceQuality "1"]

1. Nf3 f6 2. e4 e5 3. Nc3 c6 4. d4 d5 5. dxe5 Bg4 6. exd5 Ne7 7. exf6 gxf6 8. Qd4 Nf5 9. Qxg4 Nd6 10. Be3 f5 11. Qh5+ Kd7 12. 0-0-0 Qc7 13. Bd4 Rg8 14. Qxh7+ Be7 15. Ne5+ Kd8 16. Qxg8+ Ne8 17. dxc6 bxc6 18. Bb6+ 1-0

[Event "FICGS class F 000095 email"]
[Site "FICGS email"]
[Date "2011.04.14"]
[Round "1"]
[White "Melquiades, Jaime I"]
[Black "Cavaille, Cedric"]
[Result "0-1"]
[WhiteElo "996"]
[BlackElo "969"]
[PlyCount "58"]
[EventDate "2011.??.??"]
[EventType "tourn (corr)"]
[EventRounds "6"]
[SourceTitle "Corr 2013"]
[Source "ChessBase"]
[SourceDate "2012.11.12"]
[SourceVersion "1"]
[SourceVersionDate "2012.11.12"]
[SourceQuality "1"]

1. e4 c5 2. Nf3 d6 3. h3 Nf6 4. Nc3 e6 5. d4 cxd4 6. Nxd4 e5 7. Bb5+ Nc6 8. Bg5 Bd7 9. Nxc6 Bxc6 10. Nd5 Bxb5 11. Nxf6+ gxf6 12. Bh4 Bh6 13. Bg3 Qc7 14. Qd5 Bc6 15. Qb3 Qb6 16. Qf3 Bg7 17. 0-0 0-0-0 18. b3 d5 19. exd5 Bxd5 20. Qc3+ Qc6 21. Qd2 h5 22. Rfd1 Bh6 23. Qd3 Qa6 24. Qf5+ Qe6 25. Qxh5 Bf4 26. Bxf4 Rxh5 27. Rac1 exf4 28. c4 Bc6 29. Rxd8+ Kxd8 0-1

[Event "FICGS rapid E 000052 email"]
[Site "FICGS email"]
[Date "2011.04.04"]
[Round "1"]
[White "Melquiades, Jaime I"]
[Black "Cavaille, Cedric"]
[Result "1-0"]
[WhiteElo "996"]
[BlackElo "969"]
[PlyCount "157"]
[EventDate "2011.??.??"]
[EventType "tourn (rapid)"]
[EventRounds "6"]
[SourceTitle "Corr 2013"]
[Source "ChessBase"]
[SourceDate "2012.11.12"]
[SourceVersion "1"]
[SourceVersionDate "2012.11.12"]
[SourceQuality "1"]

1. e4 g6 2. Nf3 Bg7 3. c3 Nf6 4. d3 d6 5. Nbd2 e5 6. h3 c6 7. Nc4 0-0 8. Bg5 a6 9. Qe2 Be6 10. 0-0-0 b5 11. Ne3 h6 12. Bh4 d5 13. g4 dxe4 14. dxe4 Qa5 15. a3 c5 16. Bg2 b4 17. cxb4 cxb4 18. Rd3 g5 19. Bg3 bxa3 20. Rxa3 Qc5+ 21. Rc3 Qb5 22. Qc2 Nc6 23. Rxc6 Qb3 24. Nxe5 Qxc2+ 25. Rxc2 Rfc8 26. Nc6 Bd7 27. Ne7+ Kh8 28. Rxc8+ Bxc8 29. e5 Rb8 30. h4 gxh4 31. Bh2 Bf8 32. exf6 Bb7 33. Bxb8 Bxg2 34. Nxg2 a5 35. Nf5 Kh7 36. Rxh4 Kg6 37. Nf4+ Kg5 38. Nh3+ Kxf6 39. Nxh6 Bxh6+ 40. Rxh6+ Kg7 41. Be5+ Kxh6 42. f4 Kg6 43. f5+ Kh6 44. g5+ Kh5 45. g6 fxg6 46. Bc3 gxf5 47. Bxa5 Kg4 48. Nf2+ Kg3 49. Be1 f4 50. Nd3+ Kf3 51. b4 Ke2 52. Nxf4+ Kxe1 53. b5 Kf2 54. b6 Ke3 55. Nd5+ Kd4 56. Nc7 Kc5 57. b7 Kc6 58. b8Q Kd6 59. Na6+ Kc6 60. Kc2 Kd5 61. Kd3 Ke6 62. Qd8 Ke5 63. Nc5 Kf4 64. Qe7 Kf5 65. Qe6+ Kf4 66. Qe4+ Kg5 67. Ne6+ Kf6 68. Nf4 Kg5 69. Ne2 Kf6 70. Ke3 Kg5 71. Qf4+ Kh5 72. Ng3+ Kg6 73. Qf5+ Kh6 74. Kf4 Kg7 75. Kg5 Kg8 76. Nh5 Kh8 77. Kg6 Kg8 78. Qf7+ Kh8 79. Qg7# 1-0

[Event "FICGS W-ch st1 g03 email"]
[Site "FICGS email"]
[Date "2011.04.01"]
[Round "1"]
[White "Melquiades, Jaime I"]
[Black "Wosch, Arkadiusz Janusz"]
[Result "0-1"]
[WhiteElo "996"]
[BlackElo "2145"]
[PlyCount "44"]
[EventDate "2011.??.??"]
[EventType "tourn (corr)"]
[EventRounds "8"]
[SourceTitle "Corr 2013"]
[Source "ChessBase"]
[SourceDate "2012.11.12"]
[SourceVersion "1"]
[SourceVersionDate "2012.11.12"]
[SourceQuality "1"]

1. e4 c5 2. Nf3 Nc6 3. c3 Nf6 4. d3 e6 5. Bg5 d5 6. e5 h6 7. Bh4 g5 8. Bxg5 hxg5 9. Nxg5 Nxe5 10. Nd2 Bh6 11. f4 Ng6 12. Ndf3 Qe7 13. Qa4+ Bd7 14. Qb3 0-0-0 15. Nh3 Nxf4 16. Nxf4 Bxf4 17. d4 Ne4 18. Bb5 Bxb5 19. Qxb5 c4 20. g3 Qf6 21. 0-0 Bxg3 22. hxg3 Qh6 0-1

[Event "FICGS class F 000093 email"]
[Site "FICGS email"]
[Date "2011.03.02"]
[Round "1"]
[White "Kehayov, Yulian"]
[Black "Melquiades, Jaime I"]
[Result "1-0"]
[WhiteElo "1071"]
[BlackElo "996"]
[PlyCount "41"]
[EventDate "2011.??.??"]
[EventType "tourn (corr)"]
[EventRounds "6"]
[SourceTitle "Corr 2013"]
[Source "ChessBase"]
[SourceDate "2012.11.12"]
[SourceVersion "1"]
[SourceVersionDate "2012.11.12"]
[SourceQuality "1"]

1. e4 e5 2. Nc3 c6 3. d4 Bb4 4. dxe5 Ne7 5. Nf3 d5 6. exd6 Ng6 7. Qd4 Qxd6 8. Qxg7 Be6 9. Nh4 Nd7 10. Nxg6 0-0-0 11. Nxh8 f6 12. Nf7 Bxf7 13. Qxf7 Ne5 14. Qh5 Bxc3+ 15. bxc3 b5 16. a4 b4 17. Be3 bxc3 18. Ba6+ Kb8 19. Qxh7 Rd7 20. Qg8+ Rd8 21. Qb3+ 1-0